| 000 | 00408nam a22001577a 4500 | ||
|---|---|---|---|
| 082 | _aP-388 | ||
| 100 |
_aMusaad Zaheer _948053 |
||
| 245 |
_aRecommending the most suitable expansion joint for Pakistan _cMusaad Zaheer, Shamas Ali |
||
| 260 |
_aMCE _c2008 |
||
| 300 | _a97 p. | ||
| 526 |
_a0 _b0 _c0 _dP_388 |
||
| 526 |
_a0 _b0 _c0 _dP_388 |
||
| 650 | _aProject | ||
| 700 | _aFaisal Mubarik | ||
| 942 |
_2ddc _cBK |
||
| 999 |
_c551093 _d551093 |
||